| 000 | 00880nam0a22002651 4500 | ||
|---|---|---|---|
| 001 | rc\3812273 | ||
| 005 | 20250530060404.0 | ||
| 021 |
_aRU _b76-93137 |
||
| 035 | _a(NLR Aleph) 007261923 | ||
| 090 |
_a5316864 _c5316864 |
||
| 100 | _a20120329d1976 |||y0rusy50 ca | ||
| 101 | 0 | _arus | |
| 102 | _aRU | ||
| 105 | _ay z ||||| | ||
| 200 | 1 | _aНаучно-технический прогресс и интенсификация производства | |
| 210 |
_aМосква _cЭкономика _d1976 |
||
| 215 |
_a61 с. _d21 |
||
| 225 | 1 | _aЭкономика СССР. 1976-1980 | |
| 700 | 1 |
_4070 _7ca _8rus _aЕфимов _bК. А. _cканд. экон. наук _gКонстантин Алексеевич _9256220 _3RU\NLR\AUTH\770256276 |
|
| 801 | 0 |
_aRU _bNLR _gpsbo |
|
| 801 | 1 |
_aRU _bELAR _2rusmarc |
|
| 852 |
_aNLR _j78-4/3328 |
||
| 942 | _cBOOK | ||
| 980 | _aNB | ||